| 000 | 01012cam a2200337 4500 | ||
|---|---|---|---|
| 001 | 3695509 | ||
| 003 | OSt | ||
| 005 | 20251128104021.0 | ||
| 008 | 700528s1970 enkab bs 000 0 eng | ||
| 010 | _a 78471700 | ||
| 020 | _a0416182801 | ||
| 020 | _a9780416182804 | ||
| 035 | _a3695509 | ||
| 040 | _aSEKU | ||
| 050 | 0 | 0 |
_aHD1415 _b.D773 1970 |
| 082 | 0 | 0 | _a338.1 |
| 100 | 1 |
_aDumont, René, _d1904- |
|
| 240 | 1 | 0 |
_aEćonomie agricole dans le monde. _lEnglish |
| 245 | 1 | 0 |
_aTypes of rural economy; _bstudies in world agriculture. |
| 260 |
_aLondon, _bMethuen _c[1970] |
||
| 300 | _axii, 532 p. | ||
| 336 |
_atext _btxt _2rdacontent |
||
| 337 |
_aunmediated _bn _2rdamedia |
||
| 338 |
_avolume _bnc _2rdacarrier |
||
| 490 | 0 |
_aUniversity paperbacks, _v336 |
|
| 500 | _aDistributed in the U.S.A. by Barnes and Noble. | ||
| 500 | _aTranslation of Économie agricole dans le monde. | ||
| 504 | _aIncludes bibliographical references. | ||
| 650 | 0 |
_aAgriculture _xEconomic aspects. |
|
| 942 |
_2lcc _cGEN |
||
| 999 |
_c18704 _d18704 |
||